The Jimi Hendrix experience electric ladyland
Μέρος της κλασικής σειράς λευκωμάτων. Το αρχειακό μήκος σε πόδια, οι σπάνιοι εγχώριοι κινηματογράφοι και οι ζωντανές αποδόσεις που βλέπουνε σπάνια λένε την ιστορία για το πώς ο Jimi Hendrix έκανε το κλασικό λεύκωμα βράχου, "Electric Ladyland."...
Saved in:
| Main Author: | |
|---|---|
| Format: | Video DVD |
| Language: | English |
| Published: |
New York :
Eagle Vision,
1997
|
| Series: | Classic albums
|
| Subjects: | |
| Tags: |
Add Tag
No Tags, Be the first to tag this record!
|
MARC
| LEADER | 00000cgm a2200000 i 4500 | ||
|---|---|---|---|
| 001 | 1/66546 | ||
| 007 | vd cgaiu | ||
| 008 | 071207s1997 gr eng d | ||
| 035 | |l 10092902 | ||
| 040 | |a GR-MY-UA |b gre |e aacr | ||
| 041 | 0 | |a eng | |
| 044 | 0 | 0 | |a USGR |
| 082 | 0 | |a 781.66 |2 (22) | |
| 100 | 1 | |a Hendrix, Jimi. | |
| 245 | 1 | 4 | |a The Jimi Hendrix experience |h [μαγνητοσκόπηση] : |b electric ladyland / |c Hendrix, Jimi |
| 246 | 3 | 3 | |a Electric Ladyland |
| 260 | |a New York : |b Eagle Vision, |c 1997 | ||
| 300 | |a 1 βιντεοδίσκος; |b ομιλ., έγχρ.; |c 4 3/4 ίν. | ||
| 490 | 1 | |a Classic albums | |
| 500 | |a Περιέχει αποσπάσματα από: Voodoo Chile, Burning of the midnight lamp, All long the watch tower, Crosstown traffic, Gypsy eyes | ||
| 500 | |a Συνοδευτικό DVD του περιοδικού Hitech (ΑΠΡ 2005) | ||
| 505 | 0 | |a Voodoo ChileBurning of the midnight lampAll long the watch towerCrosstown trafficGypsy eyes | |
| 508 | |a Εκτελεστικοί παραγωγοί για την Eagle Rock Entertainment: Terry Shand and Geoff Kempin, Εκτελεστικοί παραγωγοί: Nick de Grunwald, Bous de Jong, Σκηνοθέτης: Roger Pomphery | ||
| 520 | |a Μέρος της κλασικής σειράς λευκωμάτων. Το αρχειακό μήκος σε πόδια, οι σπάνιοι εγχώριοι κινηματογράφοι και οι ζωντανές αποδόσεις που βλέπουνε σπάνια λένε την ιστορία για το πώς ο Jimi Hendrix έκανε το κλασικό λεύκωμα βράχου, "Electric Ladyland." | ||
| 538 | |a DVD format | ||
| 600 | 1 | 0 | |a Hendrix Jimi. |
| 650 | 0 | 0 | |a Rock music. |
| 650 | 0 | 0 | |a Guitar music (Rock) |
| 830 | 0 | |a Classic albums | |
| 852 | |a INST |b LESVOS |c AV |e 20071207 |h 781.66 HEN |p 005100041098 |q 005100041098 |t DVD |y 23 | ||
| 901 | |a BIBL1-2007-3 | ||
| 909 | |a Λ |b 137505 | ||
| 970 | |a ΚΑΡΑ |b ΓΙΑΣΕΜΗ |z 2007/12/07 | ||